Caveat vendor (Record no. 65906)

MARC details
000 -LEADER
fixed length control field 01319cam a2200289 4500
001 - CONTROL NUMBER
control field ABS63499
008 - FIXED-LENGTH DATA ELEMENTS--GENERAL INFORMATION
fixed length control field 000000n2001 000 0 eng u
035 ## - SYSTEM CONTROL NUMBER
System control number (Sirsi) u110555
100 ## - MAIN ENTRY--PERSONAL NAME
Personal name Iles, A.
245 ## - TITLE STATEMENT
Title Caveat vendor
260 ## - PUBLICATION, DISTRIBUTION, ETC.
Date of publication, distribution, etc. 2001
490 ## - SERIES STATEMENT
Series statement Solicitors' Journal
Volume/sequential designation 145(1) 12 January 2001, 12(1)
520 ## - SUMMARY, ETC.
Summary, etc. Explains the repercussions of "Barry v Heathcote Ball & Co (Commercial Auctions) Ltd" [2000] 47 EG 178-182 (ABS63088) where the CA ruled that, in a sale by auction 'without reserve', an auctioneer is liable to the highest bidder for the difference between the bid and the market value of the lot if it is withdrawn. Notes that, whilst there is no contract of sale between the seller and the bidder in an auction before the hammer falls, this decision may open the seller to similar liability as it may be considered that there is a collateral contract.
590 ## - LOCAL NOTE (RLIN)
Local note ABS
650 ## - SUBJECT ADDED ENTRY--TOPICAL TERM
Topical term or geographic name entry element AUCTIONEERS
650 ## - SUBJECT ADDED ENTRY--TOPICAL TERM
Topical term or geographic name entry element BARRY V HEATHCOTE BALL & CO (COMMERCIAL AUCTIONS) LTD
650 ## - SUBJECT ADDED ENTRY--TOPICAL TERM
Topical term or geographic name entry element COLLATERAL CONTRACTS
650 ## - SUBJECT ADDED ENTRY--TOPICAL TERM
Topical term or geographic name entry element LIABILITY
650 ## - SUBJECT ADDED ENTRY--TOPICAL TERM
Topical term or geographic name entry element Auctioneering
9 (RLIN) 6218
650 ## - SUBJECT ADDED ENTRY--TOPICAL TERM
Topical term or geographic name entry element SALE OF GOODS ACT 1979 S57(2)
650 ## - SUBJECT ADDED ENTRY--TOPICAL TERM
Topical term or geographic name entry element SALE OF GOODS ACT 1970 S57(4)
650 ## - SUBJECT ADDED ENTRY--TOPICAL TERM
Topical term or geographic name entry element VENDORS
650 ## - SUBJECT ADDED ENTRY--TOPICAL TERM
Topical term or geographic name entry element WITHOUT RESERVE
690 ## - LOCAL SUBJECT ADDED ENTRY--TOPICAL TERM (OCLC, RLIN)
Topical term or geographic name as entry element Auctioneering
9 (RLIN) 6218
700 ## - ADDED ENTRY--PERSONAL NAME
Personal name Rooney, A.
942 ## - ADDED ENTRY ELEMENTS (KOHA)
Suppress in OPAC 0
Holdings
Withdrawn status Lost status Source of classification or shelving scheme Damaged status Not for loan Home library Current library Shelving location Date acquired Total Checkouts Full call number Barcode Date last seen Copy number Price effective from Koha item type
    Dewey Decimal Classification     London London Journal article 07/03/2001   ABS63499 110555-1001 06/08/2019 1 06/08/2019 Journal article